Rudiments of chemistry : (Record no. 91660)

MARC details
000 -LEADER
fixed length control field 00670nam a22001937a 4500
005 - DATE AND TIME OF LATEST TRANSACTION
control field 20150316112538.0
010 ## - LCCN (DPL NO)
LC control number ENG-112214
020 ## - INTERNATIONAL STANDARD BOOK NUMBER
International Standard Book Number 9789383420155
Terms of availability 400.00
035 ## - SYSTEM CONTROL NUMBER
System control number EN-95746
037 ## - SOURCE OF ACQUISITION
Source of stock number/acquisition DBAD/PUB
082 ## - DEWEY DECIMAL CLASSIFICATION NUMBER
Classification number 540
100 ## - MAIN ENTRY--PERSONAL NAME
Personal name Mazumdar, Manik
245 ## - TITLE STATEMENT
Title Rudiments of chemistry :
Statement of responsibility, etc by Manik Mazumdar [and] Binay Krishna Banik
Remainder of title for West Bengal Joint Entrance, AIEEE, AIPMT and other competitive examinations /
260 ## - PUBLICATION, DISTRIBUTION, ETC. (IMPRINT)
Place of publication, distribution, etc Kolkata
Name of publisher, distributor, etc Academic Publications
Date of publication, distribution, etc 2015
270 ## - ADDRESS
Address 5A Bhawani Dutta Lane,
City Kolkata
Postal code 700073
300 ## - PHYSICAL DESCRIPTION
Extent xiv,759p :
Dimensions 26cm(pbk)
Other physical details ill.
700 ## - ADDED ENTRY--PERSONAL NAME
Personal name Banik, Binay Krishna
942 ## - ADDED ENTRY ELEMENTS (KOHA)
Source of classification or shelving scheme Dewey Decimal Classification
Item type English Books
Call number suffix MAZ
Classification part 540
Holdings
Withdrawn status Lost status Not for loan Collection code Home library Current library Date acquired Source of acquisition Cost, normal purchase price Full call number Barcode Copy number Cost, replacement price Koha item type
    Not For Loan Non-fiction D.B.Act.Division D.B.Act.Division 20/02/2015 DBAD/PUB 400.00 540 MAZ EN-95746 1 400.00 English Books

© Delhi Public Library
Hit Counter
free hit counter